000 00352cam a2200157ua 4500
001 460
008 141211n II |||gr||||Z||||||eng
040 _aMAIN
041 _aEnglish
082 _a920 PHI
100 _aXXX.
245 _aTHE PHILOSOPHY OF RABINDRA NATH TAGORE
300 _c20CM.
653 _aBiography, genealogy & insignia
942 _cBK
999 _c460
_d460